000 00452nam a2200169Ia 4500
003 GCL
008 140319s9999 xx 000 0 ara d
040 _aGCL /
_cGCL
082 0 4 _aد
_b050
100 1 _aمحمد عوض محمد
245 1 0 _aسنوحى : قصة مصرية(اقرا (12) /
_cمحمد عوض محمد
300 _a144
490 _aاقرأ
_v0
650 0 4 _aالقصص التاريخية
650 0 4 _aسنوحى
942 _2ddc
_cBK
999 _c48779
_d48779